| 000 | 00630nam a22001577a 4500 | ||
|---|---|---|---|
| 003 | OSt | ||
| 005 | 20151003111101.0 | ||
| 008 | 151003b xxu||||| |||| 00| 0 eng d | ||
| 040 | _cRUA | ||
| 082 | _aAVM KOU 1999 B071 Or.1 | ||
| 100 |
_91874 _aKOUCH, SRENG. |
||
| 245 | _aThe management of israbrown at soma farm baty district takeo province, ការគ្រប់គ្រងពូជមាន់អ៊ីស្រាប្រោននៅកសិដ្ឋានសូម៉ាស្រុកបាទី ខេត្តតាកែវ | ||
| 260 |
_aPhnom Penh _bRUA _c1999 |
||
| 300 |
_a51p. _bill. _c29cm. |
||
| 942 |
_2ddc _cAVM |
||
| 999 |
_c1770 _d1770 |
||